| 000 | 00987nmm a2200313 a 4500 | ||
|---|---|---|---|
| 001 | ocm000582433 | ||
| 003 | TR-IsHL | ||
| 005 | 20201028120514.0 | ||
| 008 | 130625s2012 tu tur | ||
| 007 | cr cn | ||
| 020 | _a9786054447398 | ||
| 035 |
_a582433 _b(N$T) |
||
| 050 | 0 | 4 |
_aBM526 _b.Ç43 2012 |
| 090 | 0 | 4 |
_aBM526 _b.Ç43 2012 |
| 100 | 1 | _aÇebi, Hakan Yılmaz | |
| 245 | 1 | 0 |
_aTapınak kanunları _h[electronic resource] / _cHakan Yılmaz Çebi ; ed. Gülçin Pehlivan |
| 250 | _a1.bs. | ||
| 260 |
_aİstanbul : _bAnatolia Kitap, _c2012 |
||
| 300 | _a272 p. | ||
| 650 | 4 | _aFelsefe, Psikoloji ve Din | |
| 650 | 4 | _aPhilosophy, Psychology and Religion | |
| 650 | 0 |
_aKabala _x Tarih |
|
| 650 | 0 |
_aCabala _x History |
|
| 650 | 0 | _aYahudilik | |
| 650 | 0 | _aJudaism | |
| 650 | 7 |
_aRELIGION / Judaism / Kabbalah & Mysticism _2bisacsh |
|
| 700 | 1 | _aPehlivan, Gülçin | |
| 856 | 4 | 0 | _uhttp://search.ebscohost.com/login.aspx?direct=true&scope=site&db=e011xww&AN=582433 |
| 999 |
_c822 _d822 |
||